| 000 | 00727nam a2200205 a 4500 | ||
|---|---|---|---|
| 005 | 20240808063854.0 | ||
| 008 | 070821s2005 mx r 000 0 spa d | ||
| 020 | _a8480637625 | ||
| 035 | _aUPN01000151056 | ||
| 049 | _aCG | ||
| 050 | 4 |
_aTX165 _bA6.3 |
|
| 245 | 0 | 0 |
_aAprender a cuidar y a cuidarnos : _bexperiencias para la autonomía y la vida cotidiana / _cNúria Solsona ... [et al.] ; tr. M. León Urrutia. |
| 260 |
_aBarcelona, Esp. : _bOctaedro, _c2005. |
||
| 300 |
_a155 p. : _bil. |
||
| 440 | 0 |
_aRecursos ; _v67 |
|
| 534 |
_pTraducción de: _tCuinar, planxar i tenir cura d´altri a l´escola |
||
| 650 | 4 |
_aEconomía doméstica _xEstudio y enseñanza _916417 |
|
| 700 | 1 |
_aSolsona, Núria, _ecoaut. |
|
| 905 | _aLibro | ||
| 999 |
_c123196 _d123196 |
||